000 00995ncm a2200325 c 4500
003 BLK
005 20240810005412.0
008 180414b bul |a|er|||| |0| c|bulo|
010 _aNOT00003171000
040 _aBLK
041 _aRUS
_cRUS
080 _aМузика за пиано
_b786.2
_x
_z786.2
100 1 _aШуман, Роберт
_eпърви автор
_9376591
700 _aSchumann, Robert
_9387484
139 _aШуман, Роберт
_bШ 97
245 1 0 _aКрейслериана
_bДля фортепиано
_cРоберт Шуман; * Robert Schumann.
_sОп.16
257 _aRUS
260 Москва
_bМузыка 11388
_c1981
300 _a47 с.
_c29 см
380 _a7
650 4 _aПиано - пиеси
_9291568
653 _aпиано
653 _aпиеси
852 _aЦб М ІІ 8609
_p0
856 4 _qpdf
_u
856 4 _qpdf
_u
942 _cNOT
_n0
944 _aCR
_c01.04.2010
_k
_lCRON CRON
944 _aED
_c01.04.2010
_k
999 _c316216
_d316216